000 00856nam a22001697a 4500
003 OSt
005 20251124162400.0
008 251124b |||||||| |||| 00| 0 eng d
040 _cDCL
082 _a၂၉၄.၃၈၂၃၂၂
130 _aတိပိဋက။
_pသုတ္တန္တပိဋက။
_pမဇ္ဈိမနိကာယ။
_tမဇ္ဈိမပဏ္ဏာသ၊
_lအဋ္ဌကထာ။
245 _aမဇ္ဈိမပဏ္ဏာသဋ္ဌကထာ။
264 _aရန်ကုန် ၊
_bနိုင်ငံတော်ဗုဒ္ဂသာသနာအဖွဲ့၊
_c၁၉၇၁။
300 _aဂ၊ ၃၇၁ စာမျက်နှာ ၊
_c၂၅ စင်တီ။
650 _aမဇ္ဈိမပဏ္ဏာသ
_vအဋ္ဌကထာ။
942 _2ddc
_cSHORT TERM
_n0
999 _c2610
_d2610